Регионална библиотека "Любен Каравелов" - Русе

Христо Ботйов (Запис номер 18735)

MARC детайли
000 -Лидер
Контролно поле с фиксирана дължина 02439nam a2200445 c 4500
003 - Код на организацията, давaща контролен номер
Контролно поле BLK
005 - Дата и час на последна редакция
Контролно поле 20250225005538.0
008 - Елементи от данни с фиксирана дължина
fixed length control field 180413b bul|||||r ||||||| ||bul||
010 ## - Наследен системен номер
LC control number KNG00020812000
020 ## - Международен стандартен номер на книга ISBN
Международен стандартен номер на книга ISBN 954-584-216-4
-- издат.: Абагар
040 ## - Източник на каталожния запис
Идентификатор на билиотеката - собственик на записа BLK
041 ## - Код за език
Код за езика на текст/звукозапис или на отделно заглавие Български
Код за езика КДБФ Български
080 ## - УДК
Текстов определител УДК Българска литература
УДК код - определител по УДК 821.163.2
УДК определител (092)
УДК - код + определител 821.163.2(092)
080 ## - УДК
Текстов определител УДК Националноосвободителното движение в България (1856-1877)
УДК код - определител по УДК 94(497.2)"1856/1877"
УДК определител (092)
УДК - код + определител 94(497.2)"1856/1877"(092)
080 ## - УДК
Текстов определител УДК Христо Ботьов Петков, български национален герой, революционер, поет и публицист
УДК код - определител по УДК 929 Ботев, Христо
УДК определител
УДК - код + определител 929 Ботев, Христо
100 1# - Редна дума - Автор
Автор Жечев, Николай
Пълна форма на името Николов, Николай Жечев
Дати, свързани с автора 1929 -
Автор - информация (биография) Български историк
R(LIN) 68364
139 ## - Редно поле
Редна дума Жечев, Николай
Авторски знак Ботев, Хр. - Б 70
245 10 - Сведения за заглавието
Заглавие Христо Ботйов
Подзаглавни данни Летопис за живота и дейността му 1847/1848 - 1876
Редно поле (дума) Николай Жечев; Николай Жечев Николов.
257 ## - Страна на издаване
Страна на създаване/издаване България
260 ## - Област на издателските данни
-- София
Име на издателя, разпространителя и проч. Абагар
Година на издаване 1997
Печатница Враца : Полипринт
300 ## - Физическа характеристика
Страници 304 с.
Илюстрации и др. с ил., факс.
Размери/Мащаб 24 см
380 ## - Жанр
Жанр Литературознание
500 ## - Общи забележки
Забележка Пълното име на авт. е Николай Жечев Николов ; Библиогр. с. 281-286 ; Именен, геогр. показалец, показалец на вестници, период. изд., кн., лит. и публицист. творби.
504 ## - Забележка за наличие на библиография и др
Забележка за наличие на библиография и под. 281-286
650 #4 - Допълнително описание по предмет – тема
Основно описание – тема или топоним Поети, български
9 (RLIN) 241945
650 #4 - Допълнително описание по предмет – тема
Основно описание – тема или топоним Националноосвободително движение - България - дейци
9 (RLIN) 243361
651 #4 - Допълнително описание по предмет - топоним
Географско понятие България
9 (RLIN) 241624
653 ## - Ключова дума – ненормативна
Ключова дума български поети
653 ## - Ключова дума – ненормативна
Ключова дума революционери
653 ## - Ключова дума – ненормативна
Ключова дума Христо Ботев
653 ## - Ключова дума – ненормативна
Ключова дума българска история
653 ## - Ключова дума – ненормативна
Ключова дума българска литература
700 1# - Други автори (авторска отговорност)
Лично име Жечев, Николай
Пълна форма на името Николов, Николай Жечев
Дати, свързани с автора 1929 -
Друга информация Български историк
9 (RLIN) 68364
852 ## - Местоположение
Форматна сигнатура Цб 195085
856 4# - Електронен адрес и достъп
Електронен формат pdf - файл
Път до файла /url/
856 4# - Електронен адрес и достъп
Електронен формат pdf - файл
Път до файла /url/
942 ## - АРТИКУЛИ
Вид на библиотечния материал Книги
Скрит в OPAC Не
944 ## - СЪЗДАВАНЕ И РЕДАКЦИЯ на ЗАПИСА
Създаване/Редакция Създаване
Дата на регистрацията/редакция 11.03.2003
Служител, извършил регистрацията/редакцията
Статус, дата на статуса CRON CRON
944 ## - СЪЗДАВАНЕ И РЕДАКЦИЯ на ЗАПИСА
Създаване/Редакция Редакция
Дата на регистрацията/редакция 10.06.2011
Служител, извършил регистрацията/редакцията
999 ## - СИСТЕМНИ КОНТРОЛНИ НОМЕРА
Koha biblionumber 18735
Koha biblioitemnumber 18735
Наличности
Код за отписване Код за изгубен артикул Източник на класификационната схема Код за повреда Коз за рестрикции Код за отдаване Артикулен № Име на библиотеката - собственик Име на библиотеката, в която се намира в момента Статус (Текущо местоположение) Дата на вписване в системата Местоположение - отдел Цена в лева Инвентарен номер Систематично азбучна сигнатура Баркод Номер на екземпляра Цена в евро Служебна бележка Служебен тип на артикула
  Не е изгубен Universal Decimal Classification Не е повреден без рестрикции ползва се в читалня 31318 Регионална библиотека "Любен Каравелов" Русе Регионална библиотека "Любен Каравелов" Русе Читалня 2001-01-01 Читалня 5.50 637202 Ч 821.163.2.09(092)/Б 70 120000637202 1 2.81 Дост: Pk Вид: Ф N: стар фонд Дата: 01.01.1997 Дата инв: 27.03.2017 Бележки инв: Ч2017 Книги
  Не е изгубен Universal Decimal Classification Не е повреден без рестрикции ползва се в читалня 31319 Регионална библиотека "Любен Каравелов" Русе Регионална библиотека "Любен Каравелов" Русе Хранилище 2001-01-01 Хранилище 0.00 638790 Цб 195085 120000638790 2 0.00 Дост: Dp Вид: Д N: стар фонд Дата: 01.01.1997 Книги
  Не е изгубен Universal Decimal Classification Не е повреден само за читалня ползва се в читалня 31320 Регионална библиотека "Любен Каравелов" Русе Регионална библиотека "Любен Каравелов" Русе СБИД 1997-01-01 СБИД 0.01 649828 С 821/Б 70 120000649828 3 0.01 N: стар фонд Дата: 01.01.1997 Дата инв: 07.06.2017 Бележки инв: С2017 Книги
Vip Innovations Ltd, Rousse, Bulgaria 2025